00196nam a22000737a 4500003000400000245006900004260001600073300003300089SGT aOral Surgery, Oral Medicine, Oral Pathology and Oral Radiology i bMosbyc2002 aVol. 93 1-768, Vol. 94 1-700